[Event "POL-ch U12"]
[Site "Suwalki"]
[Date "2015.04.09"]
[Round "2.2"]
[White "Poziomkowski, Szymon"]
[Black "Szczurek, Krzysztof"]
[Result "0-1"]
[WhiteElo "1647"]
[BlackElo "1962"]
[PlyCount "88"]
[EventDate "2015.04.08"]
[EventType "swiss"]
[EventRounds "9"]
[EventCountry "POL"]
[SourceTitle "EXT 2023"]
[Source "ChessBase"]
[SourceDate "2022.10.05"]
[SourceVersion "1"]
[SourceVersionDate "2022.10.05"]
[SourceQuality "1"]

1. e4 c5 2. c3 d5 3. exd5 Qxd5 4. d4 Nc6 5. Nf3 Bf5 6. Be2 e6 7. Be3 Nf6 8. 0-0 Be7 9. Na3 cxd4 10. Nb5 0-0 11. Nbxd4 Nxd4 12. Nxd4 Be4 13. Bf3 Rfd8 14. Bxe4 Qxe4 15. Qf3 Qg6 16. Qxb7 Bd6 17. Qf3 Ng4 18. g3 Rac8 19. Rad1 Bf8 20. Nb3 Qh5 21. h4 Qg6 22. Rxd8 Rxd8 23. Nd4 h6 24. a4 e5 25. Nb5 Rd3 26. Re1 a6 27. Na3 e4 28. Qg2 Ne5 29. Rf1 Nf3+ 30. Kh1 Qg4 31. Nc2 Be7 32. Nd4 Bxh4 33. Nxf3 exf3 34. Qh2 Bf6 35. c4 Qxc4 36. Rc1 Qg4 37. Bxh6 Rd5 38. Kg1 Rh5 39. Rc8+ Kh7 40. Rc4 Qg6 41. Qxh5 Qxh5 42. Be3 Qh3 43. Rh4+ Bxh4 44. gxh4 Qg2# 0-1

[Event "POL Olympiad U12"]
[Site "Spala"]
[Date "2014.12.30"]
[Round "1.13"]
[White "Dabrowski, Damian"]
[Black "Poziomkowski, Szymon"]
[Result "1/2-1/2"]
[WhiteElo "1627"]
[BlackElo "1431"]
[PlyCount "82"]
[EventDate "2014.04.06"]
[EventType "swiss"]
[EventRounds "9"]
[EventCountry "POL"]
[SourceTitle "EXT 2023"]
[Source "ChessBase"]
[SourceDate "2022.10.05"]
[SourceVersion "1"]
[SourceVersionDate "2022.10.05"]
[SourceQuality "1"]

1. e4 c5 2. Nf3 e6 3. d4 cxd4 4. Nxd4 a6 5. Bd3 Qc7 6. 0-0 Nf6 7. Nc3 d6 8. Be3 Nbd7 9. f4 b5 10. a3 Bb7 11. Qf3 Nc5 12. g4 d5 13. e5 Nfe4 14. Bxe4 Nxe4 15. Nxe4 dxe4 16. Qe2 Bc5 17. Rad1 0-0 18. c3 Bd5 19. Rfe1 Bc4 20. Qg2 Bd3 21. Nb3 Bxe3+ 22. Rxe3 f6 23. Nc1 Qb6 24. Qf2 fxe5 25. Nxd3 exd3 26. Rxe5 Qxf2+ 27. Kxf2 Rxf4+ 28. Kg3 Raf8 29. Rxd3 Rf2 30. Rxe6 Rxb2 31. Rxa6 Rff2 32. Ra7 h6 33. Rf3 Rxf3+ 34. Kxf3 Rb3 35. Rc7 Rxa3 36. Kg2 Ra2+ 37. Kg3 Rc2 38. Rc5 Kf7 39. Rxb5 Rxc3+ 40. Kg2 Kf6 41. h3 Rd3 1/2-1/2

[Event "POL Olympiad U12"]
[Site "Spala"]
[Date "2014.12.30"]
[Round "5.4"]
[White "Kawaler, Adam"]
[Black "Poziomkowski, Szymon"]
[Result "1-0"]
[WhiteElo "1647"]
[BlackElo "1431"]
[PlyCount "143"]
[EventDate "2014.04.06"]
[EventType "swiss"]
[EventRounds "9"]
[EventCountry "POL"]
[SourceTitle "EXT 2023"]
[Source "ChessBase"]
[SourceDate "2022.10.05"]
[SourceVersion "1"]
[SourceVersionDate "2022.10.05"]
[SourceQuality "1"]

1. d4 Nf6 2. Nf3 d5 3. c4 e6 4. e3 Bb4+ 5. Bd2 Bxd2+ 6. Nbxd2 0-0 7. Bd3 b6 8. Rc1 Ba6 9. 0-0 Nbd7 10. Qe2 c5 11. Rfd1 Rc8 12. b3 Qe7 13. Nf1 Rc7 14. Ng3 Rfc8 15. cxd5 Bxd3 16. Qxd3 exd5 17. Nf5 Qf8 18. Ne5 cxd4 19. Rxc7 Rxc7 20. exd4 Ne4 21. Ne3 Ndf6 22. f3 Nd6 23. Rd2 Rc1+ 24. Kf2 Rc3 25. Qe2 Qc8 26. Rc2 h6 27. h3 Kf8 28. g4 Kg8 29. Kg2 Nb5 30. Qd2 Rxc2 31. Qxc2 Qxc2+ 32. Nxc2 Kf8 33. a4 Nd6 34. Nc6 a5 35. b4 Nc4 36. bxa5 bxa5 37. Kf2 Nd7 38. Ne3 Ndb6 39. Nxc4 Nxc4 40. f4 Ke8 41. h4 Kd7 42. Ne5+ Nxe5 43. dxe5 Ke6 44. Ke3 Kd7 45. Kd4 Kc6 46. f5 f6 47. e6 Kd6 48. Ke3 Kc7 49. Kd3 Kc6 50. Kd4 Kd6 51. e7 Kxe7 52. Kxd5 Kd7 53. Kc5 Kc7 54. Kb5 Kd6 55. Kxa5 Ke5 56. Kb5 Kf4 57. a5 Kxg4 58. a6 Kxh4 59. a7 Kg5 60. a8Q Kxf5 61. Qf3+ Ke6 62. Qg4+ Kf7 63. Qh5+ g6 64. Qxh6 g5 65. Qh7+ Ke6 66. Qe4+ Kf7 67. Qf5 Kg7 68. Kc6 Kh6 69. Kd5 Kh5 70. Ke4 Kh4 71. Kf3 Kh5 72. Qh7# 1-0